000 00999cam a2200301 a 4500
999 _c2977
_d2977
001 019628750
003 UkOxU
005 20230914084310.0
008 010313s1999 enk 000 d eng d
020 _a0413748502
020 _a9780413748508
035 _a(OCoLC)46436264
040 _aJHE
_cJHE
_dBAKER
_dYDXCP
_dOCLCG
_dSINLB
_dBDX
_dOCLCF
_dUkOxU
_dKH8
041 1 _aeng
_hita
082 0 4 _a822.914 GOL
_221
100 1 _aGoldoni, Carlo,
_d1707-1793,
_eauthor.
240 1 0 _aServitore di due padroni.
_lEnglish
245 1 2 _aA servant to two masters /
_cby Carlo Goldoni ; a new adaptation by Lee Hall from a literal translation by Gwenda Pandolfi.
260 _aLondon :
_bMethuen,
_c1999.
300 _axxi, 98 pages ;
_c20 cm.
490 1 _aMethuendrama
650 0 _aItalian drama
_vTranslations into English.
650 0 _aEnglish drama
_y20th century.
700 1 _aHall, Lee,
_d1966-
700 1 _aPandolfi, Gwenda,
_etranslator.
830 0 _aMethuen drama (Series)
942 _2ddc
_cTR